| 000 | 00430nam a2200157Ia 4500 | ||
|---|---|---|---|
| 008 | 230312s9999||||xx |||||||||||||| ||und|| | ||
| 020 | _a81-7992-097-6 | ||
| 082 |
_a658.4012 _bHAI |
||
| 100 | _aHainess Stephen G. | ||
| 245 | 0 | _aStrategic & Business Planing | |
| 260 |
_bJaico Publishing _aMumbai _c2003 |
||
| 300 | _a176 | ||
| 546 | _aEng. | ||
| 650 |
_aManagement _vSeemingly Simple Elements , Ideal Future Vision , |
||
| 942 | _cBK | ||
| 999 |
_c668 _d668 |
||